| 000 | 00924nam a2200253Ia 4500 | ||
|---|---|---|---|
| 001 | Para_3267 | ||
| 003 | CHAP | ||
| 008 | 220125s9999 xx 000 0 und d | ||
| 010 | _a201755 | ||
| 040 | _cCHAP | ||
| 082 | _aPA-C 595.77 D5 V.5 | ||
| 100 |
_aShannon, Raymond C. _9105481 |
||
| 245 |
_aA review of the south american two-winged flies of the family syrphidae / _cby Raymond C. Shanon / _c Raymond C. Shannon |
||
| 260 |
_a: _b |
||
| 500 | _aSobretiro de: Proceedings U. S. National Museum 70 (2658): 1-33 Encuadernado con: Notes on american two-winged flies of the family sapromyzidae/by J. R. Malloch 74-57 | ||
| 650 |
_aDÃpteros Syrphidae _9166670 |
||
| 901 | _aPA-C 595.77 D5 V.5 | ||
| 902 | _aA | ||
| 905 | _a000000 0000000000 00 | ||
| 910 | _a | ||
| 942 | _cPARA | ||
| 942 |
_cPARA _d1 |
||
| 999 |
_c201755 _d201755 |
||